Content Warning Creatures - Statistics

General Stats
  • This quiz has been taken 4 times
  • The average score is 3 of 30
Answer Stats
Answer % Correct
Slug
50%
The Destroyer
50%
Blinking Waldo
25%
Doppelganger
25%
Fire Horse
25%
Harpooner
25%
Kill Streamer
25%
Spider
25%
Starfish
25%
The Grabber
25%
The Titan
25%
Bird Brain
0%
Black Hole Drone
0%
Blob
0%
Crocodile
0%
Dog Bomb
0%
Ear Creature
0%
Flicker
0%
Ghost Child
0%
Iron Maiden
0%
Little Guy
0%
Long Arms Man
0%
Machine Gun Dog
0%
Mixer Man
0%
Phantom Thieves
0%
Puffo
0%
Snail Creatures
0%
The Bomber Man
0%
Unknown Entity
0%
Worm
0%
No matching quizzes found
Score Distribution
Percent of People with Each Score
Percentile by Number Answered
Your Score History
You have not taken this quiz